| 000 | 00677nam a22002531c 4500 | ||
|---|---|---|---|
| 001 | a987663710 | ||
| 008 | 090508s1993 gw |||| 000u rus d | ||
| 041 | _arus | ||
| 100 | 1 | _aLopatin, L. N. | |
| 245 | 0 | 0 |
_aRabočee dviženie Kuzbassa : _bSbornik dokumentov i materialov; aprel' 1989 - mart 1992 |
| 264 |
_aKemerovo : _bSovremennaja otečestvennaja kniga, _c1993 |
||
| 300 | _a624 S. | ||
| 650 | 0 | _aWirtschaft | |
| 650 | 0 | _aBergbau | |
| 650 | 0 | _aStreik | |
| 650 | 0 | _aPerestrojka | |
| 651 | 0 | _aSibirien | |
| 651 | 0 | _aKuzbass | |
| 655 | 0 | _aQuellenedition | |
| 700 | 1 |
_aGordon, L. A. _eHerausgeberIn |
|
| 942 | _cMG | ||
| 040 | _cRU-10907106 | ||
| 003 | RU-10907106 | ||
| 999 |
_c17905 _d17905 |
||